000 00365nam a2200145Ia 4500
008 230711s9999||||xx |||||||||||||| ||und||
041 _aENG
082 _a624
_bHU-G
100 _aZoeb Husain 
245 0 _aGas dynamics through problems
250 _a1st Ed.
260 _c1989
_aNew Delhi
_bWiley Eastern Limited
650 _aMechanical Engineering
942 _cBK
999 _c2687
_d2687